[Event "Grand Rapids (MI Am/5/6)"]
[Site "?"]
[Date "1994.??.??"]
[Round "?"]
[White "Skidmore, Mike"]
[Black "Nicolli, Randy"]
[Result "1-0"]
[WhiteElo "1900"]
[BlackElo "1735"]
[PlyCount "47"]
[EventDate "1994.??.??"]

{5/(6)} 1. e4 e5 2. Nf3 Nc6 3. Bb5 a6 4. Ba4 Nf6 5. d3 b5 6. Bb3 Bc5 7. O-O d6
8. Bg5 Na5 9. Nc3 Nxb3 10. axb3 Bb7 11. Ne2 h6 12. Bd2 Qd7 13. Ng3 O-O-O 14. b4
Bb6 15. b3 Rde8 16. c4 Nh7 17. Qc2 c5 18. bxc5 dxc5 19. cxb5 Qxb5 20. b4 Kb8
21. bxc5 Qxc5 22. Qb3 f6 23. Be3 Qe7 24. Qxb6 1-0

[Event "Grand Rapids (MI Am/1/7)"]
[Site "?"]
[Date "1994.??.??"]
[Round "?"]
[White "Skidmore, Mike"]
[Black "Miller, J."]
[Result "1-0"]
[WhiteElo "1900"]
[BlackElo "1605"]
[PlyCount "79"]
[EventDate "1994.??.??"]

{1/(7)} 1. e4 e6 2. Nf3 d5 3. exd5 exd5 4. d4 Nf6 5. Bd3 Be7 6. O-O Bg4 7. Be3
Ne4 8. c3 c6 9. Nbd2 f5 10. Qc2 Bxf3 11. Nxf3 O-O 12. Ne5 Nd7 13. f3 Nd6 14.
Rae1 g6 15. Bh6 Re8 16. Re2 Bf6 17. Nxd7 Qxd7 18. Rfe1 Rxe2 19. Rxe2 Nf7 20.
Bf4 Re8 21. Kf1 Rxe2 22. Qxe2 Qe7 23. a4 Qxe2+ 24. Kxe2 a6 25. Bb8 Kf8 26. Kd2
Ke8 27. f4 Kd7 28. h3 Nd8 29. g4 fxg4 30. hxg4 Bh4 31. f5 g5 32. f6 h6 33. Bf5+
Ke8 34. Bc7 Nf7 35. a5 Kf8 36. Bc8 h5 37. Bxb7 hxg4 38. Bxc6 g3 39. Bxd5 Nh6
40. b4 1-0

[Event "Eastpointe (MI Action/4/7)"]
[Site "?"]
[Date "1994.??.??"]
[Round "?"]
[White "Skidmore, Mike"]
[Black "Link, J."]
[Result "0-1"]
[WhiteElo "1945"]
[BlackElo "1740"]
[PlyCount "77"]
[EventDate "1994.??.??"]

{4/(7)} 1. e4 e5 2. Nf3 Nc6 3. Bb5 Bc5 4. O-O Nge7 5. c3 a6 6. Ba4 O-O 7. d3 d6
8. Nbd2 Bb6 9. Re1 f5 10. Bb3+ Kh8 11. Ng5 fxe4 12. Ndxe4 d5 13. Qh5 h6 14.
Nf7+ Rxf7 15. Qxf7 dxe4 16. Rxe4 Bf5 17. Rh4 Qf8 18. Qxf8+ Rxf8 19. Be3 Bxe3
20. fxe3 Bxd3 21. Bc4 Bxc4 22. Rxc4 Nd5 23. Re4 g5 24. Rd1 Nb6 25. a4 Kg7 26.
a5 Nxa5 27. Rxe5 Nac4 28. Rc5 c6 29. e4 Nxb2 30. Rd4 N6a4 31. Rf5 Nxc3 32. Rxf8
Kxf8 33. Rd8+ Kg7 34. Rd6 Nxe4 35. Rd7+ Kf6 36. Rxb7 Nc4 37. Rc7 Ne5 38. Ra7
Nc5 39. Ra8 $138 0-1

[Event "Ann Arbor (HVA/2/3)"]
[Site "?"]
[Date "1994.??.??"]
[Round "?"]
[White "Skidmore, Mike"]
[Black "Jointer, William"]
[Result "1-0"]
[WhiteElo "1900"]
[BlackElo "1700"]
[PlyCount "89"]
[EventDate "1994.??.??"]

{2/(3)} 1. e4 c5 2. Nf3 Nc6 3. Bb5 a6 4. Bxc6 bxc6 5. O-O g6 6. d4 Bg7 7. dxc5
d5 8. cxd6 exd6 9. c3 Ne7 10. Bg5 O-O 11. Qb3 Re8 12. Nd4 Qc7 13. Nd2 c5 14.
Ne2 Rb8 15. Qc2 Be6 16. Nf4 Qb7 17. Nxe6 fxe6 18. b3 Nc6 19. Nc4 Qc7 20. Rad1
Rf8 21. Rxd6 Ne5 22. Rxe6 Nxc4 23. bxc4 Qc8 24. Re7 Qg4 25. Be3 Rbc8 26. f3 Qh4
27. Rd7 Be5 28. g3 Qf6 29. Bh6 Rfe8 30. Rg7+ Kh8 31. Rd7 g5 32. Bg7+ Qxg7 33.
Rxg7 Kxg7 34. Rd1 Rc7 35. Rd5 h5 36. Qa4 Re6 37. Qa5 Rb7 38. Qd8 Kh6 39. Rxe5
Rb1+ 40. Kf2 Rb2+ 41. Ke3 Rbb6 42. Qxg5+ Kh7 43. Qf5+ Rg6 44. Re7+ Kh6 45. Qf8+
1-0

[Event "Ann Arbor (HVA/3/1)"]
[Site "?"]
[Date "1994.??.??"]
[Round "?"]
[White "Skidmore, Mike"]
[Black "Jendras, Gerard"]
[Result "1-0"]
[WhiteElo "1900"]
[BlackElo "1845"]
[PlyCount "71"]
[EventDate "1994.??.??"]

{3/(1)} 1. e4 e5 2. Nf3 Nc6 3. Bb5 a6 4. Ba4 Nf6 5. d3 Bc5 6. O-O d6 7. c3 O-O
8. Bc2 Be6 9. d4 Bc4 10. dxc5 Bxf1 11. Kxf1 dxc5 12. Qe2 Qe7 13. Bg5 h6 14. Bc1
Rfd8 15. Nbd2 b5 16. Nh4 g6 17. Ndf3 Kg7 18. Qe3 Ng4 19. Qe2 Nxh2+ 20. Nxh2
Qxh4 21. Kg1 Qe7 22. Qe3 g5 23. Qg3 Rd7 24. Nf3 f6 25. Nh4 Kh7 26. Nf5 Qf8 27.
Qh3 Kg6 28. Nh4+ gxh4 29. Qxd7 Qd6 30. Qf5+ Kg7 31. Be3 Ne7 32. Qg4+ Kh7 33.
Qh5 Ng8 34. Rd1 Qe7 35. Qf5+ Kh8 36. Rd7 1-0

[Event "Detroit (Class A/5/5)"]
[Site "?"]
[Date "1994.??.??"]
[Round "?"]
[White "Skidmore, Mike"]
[Black "Gatchalian, F."]
[Result "0-1"]
[WhiteElo "1920"]
[BlackElo "1875"]
[PlyCount "106"]
[EventDate "1994.??.??"]

{5/(5)} 1. e4 c5 2. Nf3 d6 3. Bb5+ Bd7 4. Bxd7+ Qxd7 5. O-O Nf6 6. e5 dxe5 7.
Nxe5 Qc7 8. Re1 Nc6 9. Nf3 e6 10. b3 Be7 11. Bb2 O-O 12. Nc3 a6 13. Ne4 Qf4 14.
g3 Qh6 15. d3 Nxe4 16. Rxe4 Bf6 17. Bc1 Qh5 18. Rb1 Ne5 19. Kg2 Qxf3+ 20. Qxf3
Nxf3 21. Kxf3 Rfd8 22. Be3 Rac8 23. Ke2 h5 24. g4 hxg4 25. Rxg4 Rd5 26. Rbg1
Rh5 27. Bg5 Bd4 28. Be3 g6 29. R1g2 Kg7 30. a4 Be5 31. Rg5 Rxh2 32. Rxh2 Bxh2
33. Rxc5 Rxc5 34. Bxc5 f5 35. c4 Kf6 36. b4 Bc7 37. a5 e5 38. d4 exd4 39. Bxd4+
Ke6 40. Kd3 g5 41. Ke3 g4 42. Kd3 Bd6 43. b5 Bc7 44. Bc3 f4 45. Ke4 Bd6 46. Bd4
g3 47. fxg3 fxg3 48. Kf3 Bc7 49. Bc3 Bd6 50. b6 Kd7 51. Be1 Kc6 52. Ke4 g2 53.
Bf2 Bc5 0-1

[Event "Eastpointe (MI Action/2/10)"]
[Site "?"]
[Date "1994.??.??"]
[Round "?"]
[White "Skidmore, Mike"]
[Black "Foord, Allan"]
[Result "1-0"]
[WhiteElo "1945"]
[BlackElo "1665"]
[PlyCount "59"]
[EventDate "1994.??.??"]

{2/(10)} 1. e4 c5 2. Nf3 d6 3. Bb5+ Bd7 4. Bxd7+ Qxd7 5. O-O Nc6 6. c3 Nf6 7.
Re1 e6 8. d4 cxd4 9. cxd4 Be7 10. Nc3 O-O 11. h3 Rac8 12. Be3 a6 13. Na4 Bd8
14. Bg5 Rc7 15. Nb6 Qe8 16. Rc1 h6 17. Bh4 Nd7 18. Nxd7 Qxd7 19. Bg3 Ne7 20.
Qb3 Ng6 21. Qb4 Be7 22. d5 exd5 23. exd5 Rfc8 24. Rcd1 Rc4 25. Qb6 R8c5 26. Nd2
Rb4 27. Qxb4 Rxd5 28. Qe4 Rb5 29. Nb3 Ra5 30. Nxa5 1-0

[Event "Novi (Oct)"]
[Site "?"]
[Date "1994.??.??"]
[Round "?"]
[White "Skidmore, Mike"]
[Black "Fleming, William"]
[Result "1-0"]
[WhiteElo "1900"]
[BlackElo "1965"]
[PlyCount "93"]
[EventDate "1994.??.??"]

1. e4 c5 2. Nf3 d6 3. Bb5+ Bd7 4. Bxd7+ Qxd7 5. O-O g6 6. Re1 Bg7 7. c3 Nc6 8.
d4 cxd4 9. cxd4 Nf6 10. Nc3 O-O 11. d5 Nb4 12. a3 Na6 13. h3 Rfd8 14. Bg5 h6
15. Bh4 g5 16. Bg3 Nh5 17. Ne5 dxe5 18. Qxh5 Nc5 19. Qd1 b6 20. b4 Nb7 21. Qd3
Nd6 22. f3 Rdc8 23. Rec1 b5 24. Bf2 a6 25. Bc5 Nc4 26. Ra2 h5 27. a4 Bh6 28.
Rca1 Rab8 29. axb5 axb5 30. Ra7 Rc7 31. Rxc7 Qxc7 32. Ra7 Rb7 33. Nxb5 Qb8 34.
Qxc4 Rxb5 35. Ra8 Qxa8 36. Qxb5 Qa1+ 37. Qf1 Qc3 38. Bxe7 g4 39. b5 gxh3 40.
gxh3 Qe3+ 41. Kg2 Bf4 42. Qf2 Qc3 43. Qe2 Be3 44. d6 Qa3 45. d7 Qc1 46. d8=Q+
Kh7 47. Qdd1 1-0

[Event "Detroit (MI Op/1b/2)"]
[Site "?"]
[Date "1994.??.??"]
[Round "?"]
[White "Skidmore, Mike"]
[Black "Fischvogt, Eric"]
[Result "0-1"]
[WhiteElo "1900"]
[BlackElo "2245"]
[PlyCount "52"]
[EventDate "1994.??.??"]

1. e4 e6 2. Nf3 d5 3. exd5 exd5 4. d4 Nc6 5. Bd3 Bg4 6. c3 Bd6 7. O-O Nge7 8.
Be3 Qd7 9. c4 dxc4 10. Bxc4 O-O 11. Nc3 Nf5 12. d5 Nxe3 13. fxe3 Ne5 14. Nxe5
Bxe5 15. Qc2 Qe7 16. Qe4 Bd7 17. Kh1 Rae8 18. Rac1 Qd6 19. Qh4 f5 20. b3 Rf6
21. Qf2 Bxh2 22. g4 fxg4 23. Qg2 Rh6 24. Ne4 Bf4+ 25. Kg1 Bxe3+ 26. Rf2 Rxe4
0-1

[Event "Detroit (MI Op/4/12)"]
[Site "?"]
[Date "1994.??.??"]
[Round "?"]
[White "Skidmore, Mike"]
[Black "Everett, Morgan"]
[Result "0-1"]
[WhiteElo "1900"]
[BlackElo "2150"]
[PlyCount "112"]
[EventDate "1994.??.??"]

{4/(12)} 1. e4 e5 2. Nf3 Nc6 3. Bb5 a6 4. Ba4 Nf6 5. d3 d6 6. O-O Be7 7. c3 O-O
8. Nbd2 Nd7 9. Re1 Bf6 10. Nf1 Re8 11. Ng3 b5 12. Bc2 Nb6 13. h3 g6 14. Bh6 Bg7
15. Qd2 Qe7 16. Bb3 Nd8 17. Bxg7 Kxg7 18. d4 f6 19. dxe5 fxe5 20. Rad1 Rf8 21.
Nh2 Ne6 22. Bxe6 Bxe6 23. b3 Qh4 24. Nf3 Rxf3 25. gxf3 Bxh3 26. Rc1 Rf8 27. Qe3
Rf4 28. c4 bxc4 29. bxc4 Nd7 30. c5 Nxc5 31. Rxc5 dxc5 32. Qxc5 Qg5 33. Qxc7+
Rf7 34. Qc3 h5 35. Qe3 Qf6 36. Nf1 Qxf3 37. Qxf3 Rxf3 38. Re3 Rxe3 39. Nxe3 Be6
40. a3 Kf6 41. Kh2 Kg5 42. Kg3 a5 43. Ng2 Bg4 44. Nh4 Be2 45. Ng2 Bd3 46. f3 a4
47. Ne3 Bb5 48. Ng2 h4+ 49. Nxh4 Bf1 50. Nxg6 Kxg6 51. f4 Kf6 52. fxe5+ Kxe5
53. Kf2 Bd3 54. Ke3 Bxe4 55. Ke2 Kd4 56. Kd2 Kc4 0-1

[Event "Grand Rapids (MI Am/3/5)"]
[Site "?"]
[Date "1994.??.??"]
[Round "?"]
[White "Skidmore, Mike"]
[Black "Drysdale, Gilbert"]
[Result "0-1"]
[WhiteElo "1900"]
[BlackElo "1740"]
[PlyCount "36"]
[EventDate "1994.??.??"]

{3/(5)} 1. e4 d5 2. exd5 Nf6 3. c4 e6 4. dxe6 Bxe6 5. Nf3 Qe7 6. Qe2 Nc6 7. a3
O-O-O 8. d3 Bf5 9. Qxe7 Bxe7 10. Be3 Rhe8 11. Kd2 Ne4+ 12. Kc2 Nc5 13. Bxc5
Bxc5 14. Nh4 Nd4+ 15. Kc3 Re1 16. b4 Rc1+ 17. Kd2 Nb3+ 18. Ke2 Bg4+ 0-1

[Event "Eastpointe (US Am N/3/1)"]
[Site "?"]
[Date "1994.??.??"]
[Round "?"]
[White "Skidmore, Mike"]
[Black "Dowling, Jo"]
[Result "0-1"]
[WhiteElo "1900"]
[BlackElo "2195"]
[PlyCount "52"]
[EventDate "1994.??.??"]

{3/(1)} 1. e4 d5 2. exd5 Qxd5 3. Nf3 Nf6 4. Nc3 Qa5 5. Be2 Bf5 6. O-O Nbd7 7.
a3 e6 8. Nd4 Bg6 9. b4 Qb6 10. Nb3 c6 11. Bb2 Bd6 12. d3 Rd8 13. Qc1 Qc7 14. h3
O-O 15. b5 Nb6 16. bxc6 bxc6 17. Bf3 Nbd5 18. Ne4 Nxe4 19. dxe4 Nb6 20. Qe3 Nc4
21. Qc1 Nxb2 22. Qxb2 Be5 23. c3 Qb6 24. Qc2 Qb5 25. Be2 Qa4 26. f4 Bxe4 0-1

[Event "Detroit (Class A/1/11)"]
[Site "?"]
[Date "1994.??.??"]
[Round "?"]
[White "Skidmore, Mike"]
[Black "Burg, Dan"]
[Result "0-1"]
[WhiteElo "1920"]
[BlackElo "1825"]
[PlyCount "92"]
[EventDate "1994.??.??"]

{1/(11)} 1. e4 c6 2. d4 d5 3. e5 Bf5 4. Nd2 e6 5. Ne2 Nd7 6. Nf3 c5 7. Be3 Rc8
8. c3 c4 9. Bg5 f6 10. exf6 Ngxf6 11. Ng3 Bd6 12. Nxf5 exf5 13. Be2 O-O 14. O-O
Qc7 15. h3 Ne4 16. Re1 f4 17. Bh4 h6 18. Ne5 g5 19. f3 gxh4 20. fxe4 dxe4 21.
Bxc4+ Kh7 22. Nxd7 Qxd7 23. Rxe4 Rxc4 24. Qd3 Qf5 25. Rd1 Rc7 26. Qf3 Rg7 27.
c4 Rg3 28. Qf2 f3 29. Rg4 h5 30. Rxg3 hxg3 31. Qxf3 Qxf3 32. gxf3 Rxf3 33. c5
Bf8 34. Re1 Kg6 35. b4 Rd3 36. d5 Bg7 37. Re6+ Kf7 38. Rd6 Bd4+ 39. Kg2 h4 40.
c6 Rd2+ 41. Kf3 g2 42. cxb7 g1=Q 43. b8=Q Qg3+ 44. Ke4 Qe5+ 45. Kf3 Rf2+ 46.
Kg4 Rf4# 0-1

[Event "Ann Arbor (HVA/5/1)"]
[Site "?"]
[Date "1994.??.??"]
[Round "?"]
[White "Skidmore, Mike"]
[Black "Ashton, Jeff"]
[Result "1-0"]
[WhiteElo "1900"]
[BlackElo "1605"]
[PlyCount "45"]
[EventDate "1994.??.??"]

{5/(1)} 1. e4 c5 2. Nf3 Nc6 3. Bb5 a6 4. Bxc6 bxc6 5. O-O Nf6 6. Re1 g6 7. d4
cxd4 8. Nxd4 Bg7 9. c3 Qb6 10. Nd2 Qc7 11. e5 Nd5 12. Nc4 O-O 13. f4 Nb6 14.
Ne3 Bh6 15. Ng4 Bg7 16. f5 c5 17. f6 cxd4 18. fxg7 Rd8 19. cxd4 h5 20. Qd2 hxg4
21. Qh6 f5 22. exf6 exf6 23. Re7 1-0

[Event "Detroit (MI Op/1b/13)"]
[Site "?"]
[Date "1994.??.??"]
[Round "?"]
[White "Skidmore, Jennifer"]
[Black "Welch, Joseph"]
[Result "1-0"]
[WhiteElo "1920"]
[BlackElo "1605"]
[PlyCount "77"]
[EventDate "1994.??.??"]

1. e4 c5 2. Nc3 e6 3. f4 d5 4. e5 Nc6 5. Nf3 Nh6 6. Bb5 a6 7. Bxc6+ bxc6 8. d3
Be7 9. O-O O-O 10. Ne2 f6 11. Ng3 f5 12. c3 Rb8 13. b3 Kh8 14. h3 a5 15. Ba3
Rg8 16. Nh5 Nf7 17. Qe2 g5 18. fxg5 Nxg5 19. Nxg5 Rxg5 20. Nf6 Qf8 21. Rf4 Qg7
22. Rh4 Bxf6 23. exf6 Qxf6 24. Bxc5 e5 25. Rh6 Rg6 26. Rh5 Bd7 27. Rf1 Rbg8 28.
Rf2 h6 29. Bb6 Rg3 30. Bc7 e4 31. Bxg3 Rxg3 32. dxe4 f4 33. e5 Qg6 34. e6 Bxe6
35. Qe5+ Kh7 36. Kh2 f3 37. Rxh6+ Qxh6 38. Qxg3 fxg2 39. Rxg2 1-0

[Event "Novi (MI Women/4/1)"]
[Site "?"]
[Date "1994.??.??"]
[Round "?"]
[White "Skidmore, Jennifer"]
[Black "Tucker, L."]
[Result "1-0"]
[WhiteElo "1900"]
[BlackElo "2030"]
[PlyCount "119"]
[EventDate "1994.??.??"]

{4/(1)} 1. e4 e6 2. d4 d5 3. exd5 exd5 4. Bd3 Bd6 5. Nf3 Bg4 6. O-O Ne7 7. c3
Nd7 8. Re1 c6 9. Bg5 f6 10. Bh4 Qc7 11. Bg3 O-O-O 12. Nbd2 Rde8 13. Qa4 Bxg3
14. fxg3 Kb8 15. b4 h5 16. Rab1 g5 17. b5 c5 18. Qc2 h4 19. gxh4 Bxf3 20. Nxf3
g4 21. Nd2 Rxh4 22. Nf1 Qd6 23. Bf5 cxd4 24. cxd4 Rc8 25. Qf2 Nxf5 26. Qxf5 g3
27. Nxg3 Rxd4 28. Rbd1 Rxd1 29. Rxd1 Rc5 30. Qd3 Qb6 31. Kh1 Qxb5 32. Qg6 Qc6
33. Ne2 Rc2 34. Nd4 Qc4 35. Qxc2 Qxc2 36. Nxc2 Nb6 37. Nb4 f5 38. Nxd5 Nc4 39.
Rf1 Nd6 40. h4 Kc8 41. Ne7+ Kd7 42. Nxf5 Ne4 43. h5 Ke6 44. h6 Nf6 45. g4 Kf7
46. g5 Ne4 47. Nh4+ Kg8 48. Kh2 Nxg5 49. Rg1 Kh7 50. Rxg5 Kxh6 51. Rg3 Kh5 52.
Nf3 b6 53. Kh3 a5 54. Rg5+ Kh6 55. Kg4 a4 56. Kf5 b5 57. Rg6+ Kh7 58. Kf6 b4
59. Kf7 b3 60. Ng5+ 1-0

[Event "Detroit (MI Op/7/18)"]
[Site "?"]
[Date "1994.??.??"]
[Round "?"]
[White "Skidmore, Jennifer"]
[Black "Townsend, E."]
[Result "1-0"]
[WhiteElo "1920"]
[BlackElo "2045"]
[PlyCount "33"]
[EventDate "1994.??.??"]

{7/(18)} 1. e4 e5 2. Nf3 Nc6 3. Bc4 Nf6 4. Ng5 d5 5. exd5 Nd4 6. O-O b5 7. Be2
Nxd5 8. d3 Bd6 9. c3 Nxe2+ 10. Qxe2 O-O 11. Qe4 g6 12. Qxd5 Bf5 13. Ne4 Qh4 14.
Nbd2 Rad8 15. Nf3 Qe7 16. Bg5 Bxe4 17. dxe4 1-0

[Event "Detroit (Class A/3/1)"]
[Site "?"]
[Date "1994.??.??"]
[Round "?"]
[White "Skidmore, Jennifer"]
[Black "Smith, Walt"]
[Result "1-0"]
[WhiteElo "1905"]
[BlackElo "1955"]
[PlyCount "99"]
[EventDate "1994.??.??"]

{3/(1)} 1. e4 c5 2. Nc3 Nc6 3. f4 e6 4. Nf3 Nf6 5. Be2 d5 6. e5 Ne4 7. Nxe4
dxe4 8. Ng5 Qd5 9. O-O Be7 10. Nh3 b6 11. c3 g5 12. Qa4 Bd7 13. Bc4 Nxe5 14.
Bxd5 exd5 15. Qd1 Bg4 16. Qb3 Nf3+ 17. Rxf3 exf3 18. Nf2 Be6 19. d4 g4 20. f5
c4 21. Qb5+ Bd7 22. Qxd5 Rd8 23. Qe5 f6 24. Qe4 h5 25. Bf4 Kf7 26. Re1 Rhe8 27.
Qd5+ Kg7 28. gxf3 gxf3 29. Qxf3 Bxf5 30. Qxh5 Bg6 31. Qh3 Bf8 32. Bh6+ Kf7 33.
Rxe8 Rxe8 34. Qd7+ Kg8 35. Bxf8 Kxf8 36. Ng4 Re1+ 37. Kf2 Rb1 38. Qd6+ Kg8 39.
Qe6+ Bf7 40. Nh6+ Kg7 41. Qxf7+ Kxh6 42. Qxf6+ Kh7 43. Qf5+ Kh8 44. Qxb1 b5 45.
Qg1 a5 46. Kf3 b4 47. Kf4 a4 48. Kf5 a3 49. Kf6 bxc3 50. Qg7# 1-0

[Event "Eastpointe (MI Action/3/5)"]
[Site "?"]
[Date "1994.??.??"]
[Round "?"]
[White "Skidmore, Jennifer"]
[Black "Rajlich, Vasik"]
[Result "0-1"]
[WhiteElo "1930"]
[BlackElo "2125"]
[PlyCount "74"]
[EventDate "1994.??.??"]

{3/(5)} 1. e4 c5 2. Nc3 Nc6 3. f4 g6 4. Nf3 Bg7 5. Bc4 e6 6. O-O d6 7. d3 Nge7
8. Qe1 O-O 9. a3 a6 10. Bd2 b5 11. Ba2 Bb7 12. Rd1 Rc8 13. h4 Nd4 14. Rc1 b4
15. Ne2 Nxe2+ 16. Qxe2 Bxb2 17. Rb1 Bxa3 18. h5 a5 19. hxg6 fxg6 20. Bxe6+ Kg7
21. Bxc8 Qxc8 22. Ng5 h6 23. Nf3 a4 24. Nh4 c4 25. Bxb4 Bxb4 26. Rxb4 Qc5+ 27.
d4 Qxb4 28. f5 g5 29. e5 dxe5 30. dxe5 gxh4 31. f6+ Kh8 32. Qh5 Qd2 33. Rf2
Qe1+ 34. Kh2 Kh7 35. Qxh4 Qxe5+ 36. Kh1 Nf5 37. Qg4 Rxf6 0-1

[Event "Detroit (MI Op/3/20)"]
[Site "?"]
[Date "1994.??.??"]
[Round "?"]
[White "Skidmore, Jennifer"]
[Black "Profit, Brian"]
[Result "1-0"]
[WhiteElo "1920"]
[BlackElo "2070"]
[PlyCount "37"]
[EventDate "1994.??.??"]

{3/(20)} 1. e4 g6 2. d4 Bg7 3. c3 d6 4. f4 c6 5. Nf3 Nf6 6. Bd3 Bg4 7. O-O Nbd7
8. Be3 O-O 9. Nbd2 c5 10. h3 Bxf3 11. Qxf3 Qc7 12. Rac1 Rab8 13. e5 Ne8 14. Ne4
e6 15. Ng5 Rd8 16. Qg4 dxe5 17. Bxg6 fxg6 18. Nxe6 Qb6 19. dxc5 1-0

[Event "Detroit (Class A/5/3)"]
[Site "?"]
[Date "1994.??.??"]
[Round "?"]
[White "Skidmore, Jennifer"]
[Black "Lou, M."]
[Result "0-1"]
[WhiteElo "1905"]
[BlackElo "1920"]
[PlyCount "74"]
[EventDate "1994.??.??"]

{5/(3)} 1. e4 e5 2. f4 Bc5 3. c3 d6 4. Nf3 Nf6 5. fxe5 dxe5 6. Nxe5 O-O 7. Bc4
Nxe4 8. Qf3 Nd6 9. Bb3 Qh4+ 10. g3 Qe7 11. d4 Nc6 12. Qe3 Nxe5 13. Qxe5 Qxe5+
14. dxe5 Re8 15. Bf4 g5 16. Kd1 Ne4 17. Rf1 gxf4 18. Bxf7+ Kxf7 19. Rxf4+ Kg7
20. Rxe4 Bf5 21. Rf4 Rxe5 22. Nd2 Rd8 23. Rc4 b5 24. Rh4 Be3 25. Rd4 Bxd4 26.
cxd4 Rxd4 27. Rc1 Red5 28. Rxc7+ Kg8 29. Rxa7 Rxd2+ 30. Ke1 Rxb2 31. a4 Re5+
32. Kd1 Bg4+ 33. Kc1 Rxh2 34. Ra8+ Kf7 35. Ra7+ Ke6 36. Ra6+ Kf5 37. axb5 Re1#
0-1

[Event "Novi (MI Women/5/1)"]
[Site "?"]
[Date "1994.??.??"]
[Round "?"]
[White "Skidmore, Jennifer"]
[Black "Livschitz, Victoria"]
[Result "0-1"]
[WhiteElo "1900"]
[BlackElo "1605"]
[PlyCount "85"]
[EventDate "1994.??.??"]

{5/(1)} 1. e4 c5 2. Nc3 e6 3. f4 d5 4. e5 Nc6 5. Nf3 Be7 6. Bb5 Bd7 7. d3 f6 8.
Bxc6 Bxc6 9. O-O Nh6 10. Qe1 O-O 11. Bd2 Qd7 12. Ne2 Rad8 13. Ng3 f5 14. Rd1 b6
15. h3 Rde8 16. Nh5 Bd8 17. Ng5 Nf7 18. Qg3 g6 19. b4 Nxg5 20. fxg5 gxh5 21.
Qh4 Qf7 22. Rf3 Qg6 23. Rg3 Rf7 24. Rf1 Rg7 25. Qf4 h6 26. h4 hxg5 27. hxg5 Kf7
28. Kf2 Rh8 29. Rh1 d4 30. bxc5 bxc5 31. a4 Ke8 32. c3 dxc3 33. Bxc3 Bxg5 34.
Qc4 Be3+ 35. Ke2 Qxg3 36. Qxe6+ Kf8 37. Qf6+ Rf7 38. Qxc6 Qf2+ 39. Kd1 Bd4 40.
Qd6+ Kg7 41. Bxd4 Qxd4 42. Qxd4 cxd4 43. Re1 0-1

[Event "Flint (MI Coll/4)"]
[Site "?"]
[Date "1994.??.??"]
[Round "?"]
[White "Skidmore, Jennifer"]
[Black "Kamberi, Sonny"]
[Result "0-1"]
[WhiteElo "1910"]
[BlackElo "2035"]
[PlyCount "110"]
[EventDate "1994.??.??"]

1. e4 e6 2. d4 d5 3. exd5 exd5 4. Bd3 Bd6 5. Nf3 Ne7 6. O-O O-O 7. Ng5 h6 8.
Qh5 Bf5 9. Bxf5 Nxf5 10. Nf3 Qf6 11. c3 Nd7 12. Na3 Bxa3 13. bxa3 c6 14. Bf4
Nxd4 15. cxd4 Qxf4 16. Rab1 Rab8 17. g3 Qd6 18. Rb3 Nb6 19. Nh4 Nc4 20. Nf5 Qf6
21. Rd1 Rfe8 22. Rf3 Qg6 23. Qh3 Nd6 24. Ne3 Re4 25. Ng2 Rbe8 26. Nf4 Re1+ 27.
Rxe1 Rxe1+ 28. Kg2 Qe4 29. Qg4 Nf5 30. Qh5 Nxd4 31. Nd3 Rg1+ 32. Kxg1 Nxf3+ 33.
Kf1 Qxd3+ 34. Kg2 Ne1+ 35. Kg1 Qf3 36. Qxf3 Nxf3+ 37. Kg2 Nd2 38. f4 Kf8 39.
Kf2 Nc4 40. a4 Ke7 41. Ke2 Kd6 42. h3 Kc5 43. g4 Kb4 44. Kd3 Nb2+ 45. Kd4 Nxa4
46. Ke5 Kc3 47. h4 d4 48. g5 d3 49. f5 d2 50. gxh6 gxh6 51. Kf6 d1=Q 52. Kxf7
Qh5+ 53. Ke6 Nc5+ 54. Ke5 Qxh4 55. f6 Qe4+ 0-1

[Event "Eastpointe (MI Action/1/11)"]
[Site "?"]
[Date "1994.??.??"]
[Round "?"]
[White "Skidmore, Jennifer"]
[Black "Jackson, K."]
[Result "1-0"]
[WhiteElo "1930"]
[BlackElo "1605"]
[PlyCount "71"]
[EventDate "1994.??.??"]

{1/(11)} 1. e4 d5 2. exd5 Qxd5 3. Nc3 Qd8 4. d4 Nf6 5. Bf4 Nc6 6. Bb5 e6 7. a3
Be7 8. Bxc6+ bxc6 9. Nf3 O-O 10. O-O c5 11. Nb5 Ba6 12. a4 c6 13. Nc7 Bxf1 14.
Nxa8 Bxg2 15. Kxg2 Qxa8 16. c3 Rd8 17. Qe2 Nd5 18. Be5 Bd6 19. Rg1 f6 20. Bg3
Qc8 21. Qe4 f5 22. Qh4 f4 23. dxc5 fxg3 24. cxd6 gxf2 25. Kxf2 Rxd6 26. Rxg7+
Kxg7 27. Qg3+ Kh8 28. Qxd6 Qe8 29. Qe5+ Kg8 30. h4 Qf7 31. h5 Nf4 32. Qg5+ Kh8
33. Qd8+ Kg7 34. Qd4+ Kg8 35. h6 Nh3+ 36. Ke3 $138 1-0

[Event "Eastpointe (MI Action/5/3)"]
[Site "?"]
[Date "1994.??.??"]
[Round "?"]
[White "Skidmore, Jennifer"]
[Black "Gabbara, Faris"]
[Result "0-1"]
[WhiteElo "1930"]
[BlackElo "2170"]
[PlyCount "94"]
[EventDate "1994.??.??"]

{5/(3)} 1. e4 e5 2. Nf3 Nf6 3. Bc4 Nxe4 4. O-O d5 5. Nxe5 dxc4 6. Re1 Qd4 7.
Qf3 Qxf2+ 8. Qxf2 Nxf2 9. Ng6+ Be6 10. Nxh8 Bc5 11. Kf1 Nc6 12. c3 Nd3 13. Re4
Nxc1 14. Na3 Bxa3 15. Rxc1 Be7 16. Rce1 Kf8 17. b4 cxb3 18. axb3 Kg8 19. Nxf7
Bxf7 20. b4 Bd6 21. Kg1 Bd5 22. Rg4 Rf8 23. c4 Ne5 24. Rxe5 Bxe5 25. cxd5 Rf4
26. Rxf4 Bxf4 27. d3 Bd2 28. b5 Kf8 29. Kf2 Ke7 30. Kf3 Kd6 31. Ke4 a5 32. bxa6
bxa6 33. Kd4 a5 34. Kc4 a4 35. d4 a3 36. Kb3 Bc1 37. h4 Kxd5 38. g4 Kxd4 39. g5
c5 40. h5 c4+ 41. Ka2 Kd3 42. g6 h6 43. Kb1 Bb2 44. Ka2 c3 45. Kb1 c2+ 46. Ka2
c1=Q 47. Kb3 Qc4# 0-1

[Event "Detroit (MI Op/4/14)"]
[Site "?"]
[Date "1994.??.??"]
[Round "?"]
[White "Skidmore, Jennifer"]
[Black "Eagle, Chris"]
[Result "0-1"]
[WhiteElo "1920"]
[BlackElo "2105"]
[PlyCount "76"]
[EventDate "1994.??.??"]

{4/(14)} 1. e4 e5 2. Nf3 Nc6 3. Bc4 Be7 4. O-O Nf6 5. Re1 Nxe4 6. Bxf7+ Kxf7 7.
Rxe4 Bf6 8. d4 d5 9. Re1 e4 10. Ne5+ Bxe5 11. dxe5 Nxe5 12. Qh5+ Ng6 13. Nc3 c6
14. f4 Qh4 15. Qxh4 Nxh4 16. Ne2 Bd7 17. b3 c5 18. Ng3 Rhe8 19. Bb2 Nf5 20.
Nxf5 Bxf5 21. Be5 g5 22. g3 Ke6 23. c3 Rad8 24. Rad1 b5 25. Kf2 a5 26. a3 Re7
27. Ke3 Ra7 28. Ra1 Rda8 29. Red1 b4 30. axb4 axb4 31. Rxa7 Rxa7 32. cxb4 d4+
33. Kf2 e3+ 34. Kf3 g4+ 35. Ke2 Ra2+ 36. Ke1 Rxh2 37. bxc5 d3 38. Ra1 Rh1# 0-1

[Event "Flint (MI Coll/1)"]
[Site "?"]
[Date "1994.??.??"]
[Round "?"]
[White "Skidmore, Jennifer"]
[Black "Conlon, Russell"]
[Result "1-0"]
[WhiteElo "1910"]
[BlackElo "1840"]
[PlyCount "127"]
[EventDate "1994.??.??"]

1. e4 d5 2. exd5 Nf6 3. Bb5+ Bd7 4. Bxd7+ Qxd7 5. Nf3 Nxd5 6. O-O Nc6 7. d4 e6
8. c4 Nb6 9. b3 O-O-O 10. Bb2 Bc5 11. Nc3 Bxd4 12. Nxd4 Qxd4 13. Qxd4 Nxd4 14.
Ne4 e5 15. Ng5 Ne2+ 16. Kh1 Rd2 17. Bxe5 f6 18. Nf3 Rd3 19. Bb2 Rhd8 20. h3 Nf4
21. Kh2 a5 22. Rfe1 a4 23. Re4 Ng6 24. c5 Nd7 25. Rxa4 Nxc5 26. Rc4 Na6 27.
Rac1 Rd1 28. R1c2 c6 29. Bd4 Rd5 30. a4 Kd7 31. b4 Rb1 32. Bb2 Ke7 33. Nd4 Ne5
34. Nf5+ Kf7 35. Bxe5 fxe5 36. b5 Nb4 37. bxc6 Nxc6 38. Rg4 g6 39. Ne3 Rd4 40.
Rc5 Rbb4 41. a5 h5 42. Rxd4 exd4 43. Nc4 Ra4 44. Nd6+ Kg7 45. Nxb7 Nb4 46. Nd6
d3 47. Ne4 Na6 48. Re5 Ra2 49. Re7+ Kf8 50. Rd7 Nb4 51. Rd4 Nc6 52. Rxd3 Rxa5
53. Rd6 Ne7 54. Rf6+ Kg7 55. Rb6 Re5 56. f3 h4 57. Rb7 Kh6 58. Nf6 Kg5 59. Ne4+
Kf4 60. Kg1 Nf5 61. Kf2 Ra5 62. Rb2 Re5 63. Rb4 Ng7 64. Nd6+ 1-0

[Event "Detroit (Class A/2/6)"]
[Site "?"]
[Date "1994.??.??"]
[Round "?"]
[White "Skidmore, Jennifer"]
[Black "Burg, Dan"]
[Result "1-0"]
[WhiteElo "1905"]
[BlackElo "1825"]
[PlyCount "83"]
[EventDate "1994.??.??"]

{2/(6)} 1. e4 c6 2. d4 d5 3. e5 Bf5 4. f4 Nd7 5. Nf3 e6 6. Be2 c5 7. c3 Rc8 8.
Nbd2 cxd4 9. Nxd4 Ne7 10. O-O f6 11. Nb5 Nc6 12. g4 Bc5+ 13. Kh1 Be4+ 14. Nxe4
dxe4 15. Bc4 Qe7 16. b4 a6 17. Nd6+ Bxd6 18. exd6 Qf7 19. f5 Nd8 20. Qb3 Nf8
21. Rf4 b5 22. fxe6 Nfxe6 23. Bd5 O-O 24. Rxe4 Re8 25. Bd2 Qd7 26. Rae1 Kf7 27.
Bf4 Rb8 28. Bg3 Rb6 29. c4 bxc4 30. Qxc4 Rxd6 31. Bxd6 Qxd6 32. Rd4 Qb6 33.
Rde4 Qd6 34. a4 Re7 35. b5 axb5 36. axb5 Qb6 37. Ra1 Qc7 38. Qxc7 Rxc7 39. b6
Rd7 40. Ra7 Ke7 41. b7 Rxb7 42. Bxb7 1-0